000 00808nam a22002417a 4500
005 20250421112745.0
008 250421b |||||||| |||| 00| 0 eng d
020 _a978-1-5292-3024-6 (pbk)
037 _cTB
040 _aAL
_cAL
041 _2eng
_aeng
084 _aV1:19.P1 R3
_qAL
100 _aDestradi, Sandra
_9752537
245 _aReluctance in world politics:
_bWhy states fail to act decisively
260 _aBristol, UK:
_bBristol University Press,
_c2023.
300 _aix, 223p.
365 _b41.99
_cUKP
650 _aInternational Relations
_9752538
650 _aWorld History
_9752539
650 _aWorld Politics
_9752540
942 _2CC
_cTB
_hV1:19.P1 R3
_n0
999 _c1309239
_d1309239